000 00402nam a2200169Ia 4500
001 22445
005 20260414150831.0
008 260414t2013||||xx |||||||||||||| ||spa||
041 _aESP
082 _a621.38132
_bA39
100 _aAlexander, Charles K.
_eAUT
245 0 _aFundamentos de circuitos eléctricos
_b
260 _c2013
650 _aTCA
654 _aCET
942 _cLIB
_dJUS
_fJUS
_2ddc
_n
999 _c22445
_d22445